000 00535nam a22001937a 4500
005 20211004125250.0
008 211004b ||||| |||| 00| 0 eng d
040 _aIN-DiNC
_cIN-DiNC
041 _dasm
082 _a500.5
_bSAR
100 _aSarma, Khanindra Kumar
_eauthor
245 _aMahakash jugar panchas basar/
_cby Khanindra Kumar Sarma
250 _a1st ed.
260 _aGuwahati:
_bPublication Board Assam,
_c2008
300 _a148p.
650 _aFifty years of space age
650 _aSpace science
942 _2ddc
_cBK
999 _c11195
_d11195